Vamos a aprender español - Statistics

General Stats
  • This quiz has been taken 71 times
    53 since last reset
  • The average score is 6 of 50
Answer Stats
Inglés Espanol % Correct
Bald Calvo
50%
Spring Primavera
44%
Chess Ajedrez
43%
Alcohol Alcohol
33%
Gold Oro
30%
Muscle Un musculo
25%
Plane Un avion
22%
Virus Un virus
22%
Deaf Sordo
20%
Traffic light Un semáforo
20%
Oil Aceite
19%
Flower Una flor
18%
Office Una oficina
18%
Aunt Una tia
18%
Rice Un arroz
17%
Gift Un regalo
17%
Permanent Permanente
15%
Soap Un jabon
15%
Cloud Una nube
13%
Field Un campo
13%
Tear Una lagrima
11%
Tolerance Una tolerancia
11%
Knife Un cuchillo
11%
Worm Un gusano
11%
Umbrella Un paraguas
11%
Accurate Preciso
10%
Light Una luz
10%
Pineapple Una piña
10%
Cough Una tos
10%
Candle Una vela
10%
Knife Un cuchillo
10%
Honour Un honor
10%
Lightning Un rayo
10%
Shark Un tiburon
10%
Village / Hamlet Una aldea / Un pueblo
9%
Sheep Una oveja
9%
Wolf Un lobo
9%
Blind Ciego
8%
Suitcase Una maleta
8%
Ship Una nave / Un barco
8%
Nightmare Una pesadilla
8%
Broccoli Un brócoli
8%
Dinosaur Un dinosaurio
8%
Mosquito Un mosquito
8%
Uncle Un tio
8%
Quarantine Una cuarentena
7%
Radiator / Heater Un calefactor / Un calentador
7%
To sweep Barrer
0%
To dive Bucear
0%
Charming / Lovely Encantador
0%
Mute Mudo
0%
Eagle Una aguila
0%
Soul Una alma
0%
Wasp Una avispa
0%
Lightbulb / Bulb Una bombilla
0%
Witch Una bruja
0%
Compass Una brújula
0%
Ash Una ceniza
0%
Censorship / Censure Una censura
0%
Cross Una cruz
0%
Cockroach Una cucaracha
0%
Shortage Una escasez
0%
Sword Una espada
0%
Scam Una estafa
0%
Border Una frontera
0%
Hole Un agujero
0%
Fairy Una hada
0%
Flour Una harina
0%
Sunrise Un amanecer
0%
Death Una muerte
0%
Pot Una olla
0%
Peace Una paz
0%
Feather Una pluma
0%
Knee Una rodilla
0%
Sausage Una salchicha
0%
Tent Una tienda de campaña
0%
Nail Una uña
0%
Violence Una violencia
0%
Beaver Un castor
0%
Swan Un cisne
0%
Rocket Un cohete
0%
Notebook Un cuaderno
0%
Army Un ejército
0%
Baggage Un equipaje
0%
Scarecrow Un espantapájaros
0%
Hook Un gancho / Un garfio
0%
Bereavement / Grief Un luto / Un duelo
0%
Windmill Un molino de viento
0%
Waste / Waste product Un producto de desecho / Un residuo
0%
Bridge Un puente
0%
Fist Un puño
0%
Feeling Un sentimiento / Una sensación
0%
Roof Un techo
0%
Wheat Un trigo
0%
Dizziness / Vertigo Un vértigo
0%
No matching quizzes found
Score Distribution
Percent of People with Each Score
Percentile by Number Answered
Your Score History
You have not taken this quiz since the last reset